|
|
|
|
| LEADER |
00000nam a22000007a 4500 |
| 005 |
20160223162527.0 |
| 007 |
cr|||| ||u| |
| 008 |
160223s2015 bl ||||| |||| 00||0 por d |
| 020 |
|
|
|a 978-85-8085-068-0
|
| 035 |
|
|
|a 13097
|
| 040 |
|
|
|a vLex
|
| 090 |
|
|
|c 5909
|d 5909
|
| 100 |
1 |
|
|a Menezes Farineli, Alexsandro
|
| 245 |
1 |
0 |
|a Perc̕ias Mďicas e Benefc̕ios Previdencir̀ios
|h [Recurso electrn̤ico] /
|c Alexsandro Menezes Farineli
|
| 256 |
|
|
|a Servicio en ln̕ea
|
| 260 |
|
|
|a Brasil
|b Editora Mundo Jurd̕ico
|c 2015
|
| 300 |
|
|
|a 1 recurso electrn̤ico (Segunda Edicin̤. 1284 Pg̀inas.)
|
| 506 |
1 |
|
|a Contenido solo disponible en los productos indicados
|d vLex Global
|d vLex Global (Academic Edition, excluding Law Schools)
|d vLex Global (U.S. Academic Edition, Law Schools)
|d vLex Global (U.S. Academic Edition, excluding Law Schools)
|d vLex Global (Academic Edition, Law Schools)
|
| 650 |
0 |
4 |
|a Derecho
|z Brasil
|
| 700 |
1 |
|
|a Souto da Silva, Juliana Novaes
|
| 740 |
0 |
|
|a vLex libros (servicio en ln̕ea)
|
| 856 |
4 |
0 |
|u http://vlex.com/source/pericias-medicas-beneficios-previdenciarios-13097
|z Acceso restringido
|
| 942 |
|
|
|c BOOK
|
| 999 |
0 |
|
|a Law
|